[Event "Panchavati Resha op 3rd"]
[Site "Panchavati"]
[Date "2017.07.22"]
[Round "9"]
[White "Sonar, Kiran"]
[Black "Tajane, Ganesh"]
[Result "0-1"]
[WhiteElo "1471"]
[BlackElo "1794"]
[PlyCount "37"]
[EventDate "2017.07.18"]
[EventType "swiss"]
[EventRounds "10"]
[EventCountry "IND"]
[SourceTitle "EXT 2018"]
[Source "ChessBase"]
[SourceDate "2017.10.13"]
[SourceVersion "1"]
[SourceVersionDate "2017.10.13"]
[SourceQuality "1"]

1. Nf3 Nf6 2. c4 g6 3. Nc3 Bg7 4. d4 c5 5. d5 0-0 6. e3 e6 7. e4 exd5 8. exd5 d6 9. h3 Bf5 10. Be2 a6 11. 0-0 h6 12. a4 g5 13. Bd3 Qd7 14. Ne1 Re8 15. Qf3 Re5 16. g4 Qe7 17. Bd2 Be4 18. Bxe4 Nxe4 19. Nd3 0-1